000 02654cam a22006374i 4500
003 PE-LiUPU
005 20250731170423.0
008 180725s2017 nyua rb 001 0 spa d
020 _a113868371X
020 _a9781138683716
035 _a(Sirsi) a249380
040 _aPE-LiUPU
_bspa
_cPE-LiUPU
_erda
049 _aPRUA
082 0 4 _a150.9
_bW79
_220
100 1 _aWoody, William Douglas,
_eautor.
245 1 2 _aA history of psychology :
_bthe emergence of science and applications /
_cWilliam Douglas Woody and Wayne Viney.
250 _aSixth edition.
264 1 _aNew York :
_bRoutledge, Taylor & Francis Group,
_c2017.
300 _axxiv, 599 páginas :
_bilustraciones ;
_c26 centímetros
336 _atext
_2rdacontent
337 _aunmediated
_2rdamedia
338 _avolume
_2rdacarrier
504 _aBibliografía : páginas 497-566.
504 _aÍndice : páginas 570-599.
505 0 _aPreface -- Historiographic and philosophical issues -- Critical issues in historical studies -- Philosophical issues -- Ancient psychological thought -- The roman period and the middle ages -- The renaissance -- Modern intellectual developments that contributed to the -- Empiricism, associationism, and utilitarianism -- Rationalism -- Mechanization and quantification -- Naturalism and humanitarian reform -- Psychology from the formal founding in 1879 -- Psychophysics and the formal founding of psychology -- Developments after the founding -- Functionalism -- Behaviorism -- Gestalt psychology -- Gestalt psychology -- Psychoanalysis -- Humanistic psychologies -- Beyond the systems of psychology -- Prospects for the twenty-first century.
526 _aSEG68
526 _aSEG70
526 _aSEG69
526 _aSEG67
526 _aSEG43
526 _aP144
526 _aP143
526 _aP131
526 _aP122
526 _aP120
526 _aP117
526 _aP112
526 _aP110
526 _aP106
526 _aP101
526 _aP80
526 _aP59
526 _aP54
526 _aP35
526 _aP33
526 _aP30
541 _g002-00000194;
650 0 4 _aPsicología
_x Historia
650 0 4 _aPsicología
_x Filosofía
_x Historia
910 _adbm
_bncf
_cncf
_d20180725
942 _2ddc
_cBOOK
994 _aC0
_bPEPRU
598 _aCATALOGING
596 _a1
999 _a150.9 W79
_wLC
_c28946
_i79261
_d28946
_e2019-9-4
_f2021-11-3
_g4
_lCCODEBUL1
_mBUL
_n6
_p273.00
_q4
_r0
_sY
_tBOOK
_u2018-7-25
_xSALUD
_zP33
_0COMPRA
_1FCOMPRA
_o.STAFF. Colección Ciencias de la Salud
980 _81
_gALBERTO SANCHEZ Responsable de Automatización